MLB Top MVP, Cy Young, and ROY 2024 - Statistics

General Stats
  • This quiz has been taken 233 times
  • The average score is 33 of 39
Answer Stats
# Player Team Pos. % Correct
1 Aaron Judge NYY CF
100%
1 Shohei Ohtani LAD DH
100%
6 Bryce Harper PHI 1B
98%
2 Bobby Witt Jr. KCR SS
97%
7 Tarik Skubal DET P
97%
1 Tarik Skubal DET P
97%
3 Juan Soto NYY RF
96%
2 Francisco Lindor NYM SS
95%
3 Paul Skenes PIT P
95%
1 Paul Skenes PIT P
95%
7 Chris Sale ATL P
94%
1 Chris Sale ATL P
94%
8 Elly De La Cruz CIN SS
94%
4 Gunnar Henderson BAL SS
94%
5 José Ramírez CLE 3B
94%
6 Vladimir Guerrero Jr. TOR 1B
94%
3 Ketel Marte ARZ 2B
91%
2 Zack Wheeler PHI P
90%
5 William Contreras MIL C
88%
9 Yordan Alvarez HOU DH
87%
10 Brent Rooker OAK DH
86%
9 Jackson Merrill SDP CF
86%
2 Jackson Merrill SDP CF
86%
4 Marcell Ozuna ATL DH
85%
8 Jarren Duran BOS CF
84%
5 Corbin Burnes BAL P
81%
10 Willy Adames MIL SS
81%
3 Austin Wells NYY C
79%
1 Luis Gil NYY P
75%
2 Seth Lugo KCR P
75%
5 Shota Imanaga CHC P
74%
4 Shota Imanaga CHC P
74%
3 Jackson Chourio MIL LF
72%
3 Emmanuel Clase CLE P
69%
4 Cole Ragans KCR P
68%
4 Mason Miller OAK P
65%
4 Dylan Cease SDP P
64%
2 Colton Cowser BAL LF
59%
5 Cade Smith CLE P
31%
No matching quizzes found
Score Distribution
Percent of People with Each Score
Percentile by Number Answered
Your Score History
You have not taken this quiz